Detalles MARC
| 000 -LEADER |
| fixed length control field |
01991nam a2200445Ii 4500 |
| 001 - CONTROL NUMBER |
| control field |
DIGDYK0300 |
| 003 - CONTROL NUMBER IDENTIFIER |
| control field |
NyNyDIG |
| 008 - FIXED-LENGTH DATA ELEMENTS--GENERAL INFORMATION |
| fixed length control field |
140327s2011 sp ob 000 0 spa d |
| 006 - FIXED-LENGTH DATA ELEMENTS--ADDITIONAL MATERIAL CHARACTERISTICS |
| fixed length control field |
m o d |
| 007 - PHYSICAL DESCRIPTION FIXED FIELD--GENERAL INFORMATION |
| fixed length control field |
cr ||||||||||| |
| 040 ## - CATALOGING SOURCE |
| Original cataloging agency |
DGITA |
| Language of cataloging |
eng |
| Description conventions |
rda |
| -- |
pn |
| Transcribing agency |
DGITA |
| 020 ## - INTERNATIONAL STANDARD BOOK NUMBER |
| International Standard Book Number |
9788415454748 |
| Qualifying information |
(eBook) |
| 020 ## - INTERNATIONAL STANDARD BOOK NUMBER |
| International Standard Book Number |
8415454740 |
| Qualifying information |
(eBook) |
| 020 ## - INTERNATIONAL STANDARD BOOK NUMBER |
| Canceled/invalid ISBN |
9788499828176 |
| 020 ## - INTERNATIONAL STANDARD BOOK NUMBER |
| Canceled/invalid ISBN |
8499828175 |
| 035 ## - SYSTEM CONTROL NUMBER |
| System control number |
(OCoLC)802054608 |
| 050 14 - LIBRARY OF CONGRESS CALL NUMBER |
| Classification number |
KZ7288 eBook |
| 100 1# - MAIN ENTRY--PERSONAL NAME |
| Personal name |
Ambos, Kai, |
| Relator term |
author. |
| 245 13 - TITLE STATEMENT |
| Title |
El crimen de agresión después de Kampala / |
| Statement of responsibility, etc. |
Kai Ambos ; traducción de Lucas Tassara. |
| 264 #1 - PRODUCTION, PUBLICATION, DISTRIBUTION, MANUFACTURE, AND COPYRIGHT NOTICE |
| Place of production, publication, distribution, manufacture |
Madrid : |
| Name of producer, publisher, distributor, manufacturer |
Instituto de Derechos Humanos Bartolomé de las Casas, Universidad Carlos III de Marid : |
| -- |
Dykinson, S.L., |
| Date of production, publication, distribution, manufacture, or copyright notice |
[2011] |
| 300 ## - PHYSICAL DESCRIPTION |
| Extent |
1 online resource (160 pages) |
| 336 ## - CONTENT TYPE |
| Content type term |
text |
| Content type code |
txt |
| Source |
rdacontent |
| 337 ## - MEDIA TYPE |
| Media type term |
computer |
| Media type code |
c |
| Source |
rdamedia |
| 338 ## - CARRIER TYPE |
| Carrier type term |
online resource |
| Carrier type code |
cr |
| Source |
rdacarrier |
| 490 1# - SERIES STATEMENT |
| Series statement |
Cuadernos "Bartolomé de las Casas" ; |
| Volume/sequential designation |
51 |
| 500 ## - GENERAL NOTE |
| General note |
Resumen de la primera de las Conferencias de Revisión del Estatuto de Roma de la Corte Penal Internacional realizada en Kampala, Uganda, del 31 de mayo al 11 de junio de 2010. |
| 504 ## - BIBLIOGRAPHY, ETC. NOTE |
| Bibliography, etc. note |
Includes bibliographical references (pages [69]-74). |
| 588 0# - SOURCE OF DESCRIPTION NOTE |
| Source of description note |
Online resource; title from ePub and PDF title page (Digitalia, viewed March 25, 2014) |
| 630 00 - SUBJECT ADDED ENTRY--UNIFORM TITLE |
| Uniform title |
Rome Statute of the International Criminal Court |
| Date of treaty signing |
(1998 July 17) |
| 650 #0 - SUBJECT ADDED ENTRY--TOPICAL TERM |
| Topical term or geographic name entry element |
Aggression (International law) |
| 655 #0 - INDEX TERM--GENRE/FORM |
| Genre/form data or focus term |
Electronic books. |
| 700 1# - ADDED ENTRY--PERSONAL NAME |
| Personal name |
Tassara, Lucas, |
| Relator term |
translator. |
| 791 2# - |
| -- |
Digitalia (Firm), |
| -- |
distributor. |
| 776 08 - ADDITIONAL PHYSICAL FORM ENTRY |
| Relationship information |
Print version: |
| Main entry heading |
Ambos, Kai. |
| Title |
Crimen de agresión después de Kampala. |
| Place, publisher, and date of publication |
Madrid : Dykinson, 2011 |
| International Standard Book Number |
9788499828176 |
| Record control number |
(OCoLC)767578523 |
| 793 0# - |
| -- |
Digitalia eBook Collection: |
| -- |
Dykinson Editorial. |
| 830 #0 - SERIES ADDED ENTRY--UNIFORM TITLE |
| Uniform title |
Cuadernos "Bartolomé de las Casas" ; |
| Volume/sequential designation |
51. |
| 856 40 - ELECTRONIC LOCATION AND ACCESS |
| Materials specified |
Digitalia Hispánica |
| Uniform Resource Identifier |
<a href="https://www.digitaliapublishing.com/a/15483/">https://www.digitaliapublishing.com/a/15483/</a> |
| 910 ## - USER-OPTION DATA (OCLC) |
| User-option data |
Premium Collection: 2014 |
| 942 ## - ADDED ENTRY ELEMENTS (KOHA) |
| Koha item type |
Recurso Electrónico |